000 00464nam a22001697a 4500
003 BD-ChCU
005 20251209100520.0
008 251209b bg ||||| |||| 00| 0 ben d
040 _cBD-ChCU
082 _a909.08 STH
100 _aSteinberg , S.H.
_917753
245 _aHistorical tables 58 B.C. - A.D. 1965./
_cS.H. Steinberg .
260 _aLondon :
_bMacmillan ,
_cC 1966
300 _ax , 161p.
650 0 _aHistory , Tables.
_917755
942 _2ddc
_cBK
_n0
999 _c110255
_d110255